Normal view
MARC view
Entry Personal Name
001 - CONTROL NUMBER
- control field: 29473
003 - CONTROL NUMBER IDENTIFIER
- control field: ARRUPE
005 - DATE AND TIME OF LATEST TRANSACTION
- control field: 20170322100316.0
008 - FIXED-LENGTH DATA ELEMENTS
- fixed length control field: 170322|| aca||aabn | a|a d
040 ## - CATALOGING SOURCE
- Original cataloging agency: ARRUPE
- Transcribing agency: ARRUPE
100 ## - HEADING--PERSONAL NAME
- Personal name: Blake E.F. and Haliburton, Gordon MacKay
670 ## - SOURCE DATA FOUND
- Source citation: Work cat.: (ARRUPE): Blake E.F. and Haliburton, Gordon MacKay, From Stone Axe to Space Age, 1971